00566nam a2200205 a 4500001001000000003000900010005001700019007000300036008004100039020001300080040002500093082001800118100000300136245006100139246006000200260003800260300002100298600003800319830000300357000020912DO-SdBNP20221202120701.0ta100823s2008 mx r 000 0 spa d a16832558 aDO-SdBNPbspacBNPHU axxxbI314222 10aImágenes del Louvre : bseis siglos de pintura europea aImagen du Louvre :bsis siecles de pinturare europeenne aSanto Domingo :bCorripio,c2008. a184 p. ;c29 cm.10aLENIN, VLADIMIR ILICH,d1870-1924 0